00325nam a2200133Ia 4500008004100000020001800041041000800059082001600067100001800083245003600101250001000137260003400147300001000181230717s9999 xx 000 0 und d a81-8038-482-0 aeng a346.06bBHA aBhandari M.C. aGuide To Company Law Procedures a21ed. bLexisnexis Butterworthsc2009 a2708p